1098 1626 1000 1077 1506 1202 1175 1994 1058 1785 1731 1396 1052 1169 1365 1059 1562 1310 1650 1206 1226 1375 1106 1272 1746 1533 1084 1705 1469 1773 1452 1297 1517 1578 1994 1322 1192 1621 1065 1464 1952 1287 1927 1172 1867 1229 1777 1334 1132 1461 1696 1346 1480 1187 1861 1357 1649 1848 1637 1970 1965 1824 1725 1034 1069 1984 1277 1654 1296 1303 1492 1970 1304 1715 1836 1446 1884 1541 1427 1465 1069 1262 1778 1104 1756 1232 1068 1387 1017 1314 1787 1654 1028 1278 1769 1953 1192 1184 1131 BCNSPRNW ULIB Ver.6.0+V

เปลี่ยนเป็นภาษาไทย

Change to English
 แสดงรายละเอียดบรรณานุกรม
  กลับหน้าหลัก

Brief Record : Get Marc (ISO 2709) : E-mail record : QR code < ปิดหน้าต่าง
LEADER : 00000nam 2200000uu 4500
001    13399125645
003     ULIB
008    170713s||||||||th 000 0 tha d
020    ^a9786162104015
040    ^acl
060 04 ^aWG120^bป231ฮ
100 0  ^aประชา กัญญาประสิทธิ์.
245 10 ^aฮือฮาสูตรยาหมอเบิร์ด ล้างเส้นเลือดให้เรียบใสใน 3 เดือน /^cประชากัญญาประสิทธิ์ รวบรวมและเรียบเรียง : พินิจ จันทร, ถนอมศักดิ์ จิรายุสวัสดิ์
260    ^aกรุงเทพฯ :^bปัญญาชน,^c2558
300    ^a152 หน้า :^bภาพประกอบ ;^c21 ซม.
505 0  ^aรู้ทันโรคอัมพฤกษ์ อัมพาต -- สุดยอด 3 สมุนไพรหมอเบิร์ด
650  0 ^aParalysis
650  0 ^aCerebrovascular disease
650  0 ^aCardiovascular system^xDiseases^xNutritional aspects.
650  0 ^aHerbs
650  4 ^aอัมพาต
650  4 ^aหลอดเลือดสมอง^xโรค
650  4 ^aระบบหัวใจและหลอดเลือด^xโรค^xโภชนาการ
650  4 ^aสมุนไพร^xการใช้รักษา
700 0  ^aพินิจ จันทร.
700 0  ^aถนอมศักดิ์ จิรายุสวัสดิ์.
945    ^p125^l0^i002623
999    ^aประนอม เกษจรัล
รายการนี้ยังไม่มีแท็ก
คุณยังไม่ได้ล็อกอิน คุณสามารถมีกิจกรรมร่วมกับเว็บไซต์ได้ แต่ต้องล็อกอินก่อน ::
  ล็อกอิน

รายการสื่อสารสนเทศ

ลำดับที่ ประเภท เลขเรียก/บาร์โค้ด สถานที่ สถานะ
1. วิทยาศาสตร์การแพทย์ และสุขภาพ
วิทยาศาสตร์การแพทย์ และสุขภาพ
สถานะ=หนังสือเก่า
WG120 ป231ฮ ฉ.1 
  Barcode: 002623
ห้องสมุดวิทยาเขตสวรรค์ประชารักษ์
►ส่วนจัดเก็บหนังสือเก่า สปร
บนชั้น
  ขอยืม

รายการใกล้เคียง
    ผู้แต่ง [ประชา กัญญาประสิทธิ์.]

    หัวเรื่อง [Paralysis]
    หัวเรื่อง [Cerebrovascular disease]
    หัวเรื่อง [Herbs]
    หัวเรื่อง [อัมพาต]

BibComment


ยังไม่เคยถูกคอมเมนท์

คอมเมนท์ทรัพยากรรายการนี้
  คอมเมนท์: ฮือฮาสูตรยาหมอเบ..


 Copyright 2026. Bcnsprnw @Library